[Event "XXXVII Olimpiadi femminile"]
[Site "Torino ITA"]
[Date "2006.06.04"]
[Round "13.1"]
[White "Zepeda Cortez, Lorena Marisela"]
[Black "Zapata, Karen"]
[Result "1-0"]
[WhiteElo "2122"]
[BlackElo "2236"]
[Annotator "ESA-PER"]
[PlyCount "77"]
[EventDate "2006.05.21"]

1. e4 c5 2. Nf3 Nc6 3. d4 cxd4 4. Nxd4 Nf6 5. Nc3 e5 6. Ndb5 d6 7. Bg5 a6 8.
Na3 b5 9. Nd5 Be7 10. Bxf6 Bxf6 11. c4 b4 12. Nc2 Rb8 13. Be2 Bg5 14. O-O O-O
15. a3 b3 16. Ncb4 Nd4 17. f4 Bh6 18. Bg4 a5 19. Nd3 Ba6 20. Rc1 g6 21. fxe5
Bxc1 22. Nf6+ Kg7 23. Qxc1 h6 24. exd6 Qxd6 25. Nd5 Nc2 26. Rf6 Qxf6 27. Nxf6
Kxf6 28. Qxh6 Rfd8 29. e5+ Ke7 30. Qh4+ Ke8 31. Qh8+ Ke7 32. Qf6+ Ke8 33. e6
fxe6 34. Qxe6+ Kf8 35. Qxa6 Rd4 36. Ne5 Ke8 37. Qxg6+ Kd8 38. Nc6+ Kc7 39. Nxd4
1-0

[Event "XXXVII Olimpiadi femminile"]
[Site "Torino ITA"]
[Date "2006.06.04"]
[Round "13.2"]
[White "Morales Mendoza, Luciana"]
[Black "Castaneda, Ada"]
[Result "1-0"]
[WhiteElo "2154"]
[BlackElo "2017"]
[Annotator "ESA-PER"]
[PlyCount "135"]
[EventDate "2006.05.21"]

1. d4 d6 2. Nf3 g6 3. c4 Bg7 4. g3 b6 5. Bg2 Bb7 6. Nc3 e6 7. Be3 Ne7 8. O-O
O-O 9. Qd3 Nd7 10. Rad1 h6 11. b3 e5 12. dxe5 Nxe5 13. Nxe5 Bxg2 14. Nxf7 Rxf7
15. Kxg2 Qd7 16. Nd5 Nf5 17. Bd2 Raf8 18. Bc3 Bxc3 19. Qxc3 Qe8 20. Qd3 c6 21.
Nc3 Rd7 22. e4 Ng7 23. Qd2 Kh7 24. f4 Rff7 25. Rf3 Ne6 26. Qc2 Nf8 27. Rfd3 Qe6
28. Qe2 a6 29. a4 Qe7 30. Qe3 Qd8 31. Qd2 g5 32. f5 a5 33. g4 Rg7 34. Qf2 Rgf7
35. R1d2 Kg8 36. Qg1 Qe7 37. Qxb6 Rb7 38. Qd4 Nh7 39. Qxd6 Qxd6 40. Rxd6 Rxb3
41. R2d3 Nf6 42. Kf3 Rb2 43. e5 Nxg4 44. Kxg4 Rxh2 45. Rd8+ Kg7 46. Ne4 Rh4+
47. Kg3 Rxe4 48. f6+ Kg6 49. Rg8+ Kh7 50. Re8 Rxc4 51. Re7 Kg6 52. Rd8 Re4 53.
Rg8+ Kh7 54. Rxg5 hxg5 55. Rxf7+ Kg8 56. Rg7+ Kf8 57. Rxg5 c5 58. Kf3 Re1 59.
Kf4 c4 60. Kf5 c3 61. Rg2 Rf1+ 62. Ke6 Rb1 63. Rc2 Rb6+ 64. Kd7 Rb7+ 65. Kc6
Rb8 66. e6 Re8 67. Kd7 Rb8 68. Rxc3 1-0

[Event "XXXVII Olimpiadi femminile"]
[Site "Torino ITA"]
[Date "2006.06.04"]
[Round "13.3"]
[White "Zepeda Cortez, Sonia Guadalupe"]
[Black "Aliaga Fernandez, Ingrid Yadira"]
[Result "1-0"]
[WhiteElo "2036"]
[BlackElo "2019"]
[Annotator "ESA-PER"]
[PlyCount "83"]
[EventDate "2006.05.21"]

1. e4 c5 2. Nf3 d6 3. d4 cxd4 4. Nxd4 Nf6 5. Nc3 a6 6. Be3 e6 7. f3 b5 8. Qd2
Bb7 9. g4 Nfd7 10. O-O-O Nb6 11. h4 N8d7 12. Bd3 Ne5 13. g5 Nbc4 14. Bxc4 Nxc4
15. Qf2 Rc8 16. h5 Qc7 17. Rd3 b4 18. Nd1 d5 19. exd5 Bxd5 20. Kb1 Bc5 21. Nb3
Bxe3 22. Nxe3 Nxe3 23. Rxe3 a5 24. Rd1 O-O 25. h6 g6 26. f4 Rfd8 27. Red3 a4
28. Nc1 Rd6 29. R1d2 Kf8 30. Rd4 Rb6 31. Qe3 b3 32. axb3 axb3 33. Qd3 bxc2+ 34.
Rxc2 Rc6 35. Rxc6 Qxc6 36. Ne2 Bc4 37. Qa3+ Ke8 38. Nc3 Qh1+ 39. Rd1 Qf3 40.
Qd6 Qb7 41. Qd4 Rb8 42. Ne4 1-0

[Event "XXXVII Olimpiadi femminile"]
[Site "Torino ITA"]
[Date "2006.06.04"]
[Round "13.1"]
[White "Koskoska, Gabriela"]
[Black "Leite, Catarina"]
[Result "0-1"]
[WhiteElo "2220"]
[BlackElo "2218"]
[Annotator "MKD-POR"]
[PlyCount "132"]
[EventDate "2006.05.21"]

1. e4 e5 2. Nf3 Nc6 3. c3 Nf6 4. d3 d5 5. Nbd2 Be7 6. Be2 O-O 7. O-O h6 8. Re1
Be6 9. Bf1 Re8 10. b4 a6 11. a3 dxe4 12. dxe4 Nd7 13. Qc2 Bg5 14. Nc4 Bxc1 15.
Raxc1 Qf6 16. Ne3 Ne7 17. c4 Rac8 18. c5 Nb8 19. Rcd1 g5 20. Qc3 Ng6 21. Nd5
Qg7 22. Bc4 Kh7 23. Ne3 b5 24. Bxe6 Rxe6 25. Nf5 Qf6 26. h3 Ne7 27. Ne3 Ng6 28.
Ng4 Qg7 29. Re3 Rce8 30. g3 R8e7 31. Red3 Nc6 32. Ne3 Qf6 33. Nd5 Qg7 34. Nxe7
Ngxe7 35. Rd7 g4 36. hxg4 Qxg4 37. Qe3 Rf6 38. R7d3 Ng6 39. Nh2 Qe6 40. Qe2 Nd4
41. Qh5 Ne7 42. Nf3 Nxf3+ 43. Rxf3 Rg6 44. Kg2 Kg7 45. Rfd3 Nc6 46. Qh3 Qc4 47.
f3 Nd4 48. Qd7 Ne6 49. Kf2 Qc2+ 50. R1d2 Qc1 51. Qd5 Rg5 52. Rd1 Qb2+ 53. R3d2
Qxa3 54. Ra2 Qxb4 55. Rxa6 Nd4 56. Ra2 Qc3 57. Rxd4 exd4 58. e5 Qe3+ 59. Kg2
Rxe5 60. Qd7 d3 61. f4 Qe4+ 62. Kf2 Qe1+ 63. Kf3 Re3+ 64. Kg4 Qxg3+ 65. Kh5
Re5+ 66. fxe5 Qg5# 0-1

[Event "XXXVII Olimpiadi femminile"]
[Site "Torino ITA"]
[Date "2006.06.04"]
[Round "13.2"]
[White "Pintor, Ariana"]
[Black "Sekulovska, Vesna"]
[Result "1/2-1/2"]
[WhiteElo "2064"]
[BlackElo "2139"]
[Annotator "MKD-POR"]
[PlyCount "66"]
[EventDate "2006.05.21"]

1. e4 e5 2. Nf3 Nc6 3. Bb5 a6 4. Bxc6 dxc6 5. d4 exd4 6. Qxd4 Qxd4 7. Nxd4 Bd7
8. O-O O-O-O 9. Be3 f6 10. Nc3 Bd6 11. Rad1 Ne7 12. Nb3 Rhe8 13. Nc5 Ng6 14. f3
Ne5 15. Bf2 b6 16. Nxd7 Rxd7 17. Rd4 Bc5 18. Rxd7 Nxd7 19. Bxc5 Nxc5 20. Rd1
Ne6 21. Kf2 c5 22. Nd5 b5 23. g3 c6 24. Ne3 Kc7 25. Nf5 g6 26. Ne3 Rf8 27. f4
c4 28. Rd2 Nc5 29. Kf3 Re8 30. Rd4 Ne6 31. Rd2 Nc5 32. Rd4 Ne6 33. Rd2 Nc5
1/2-1/2

[Event "XXXVII Olimpiadi femminile"]
[Site "Torino ITA"]
[Date "2006.06.04"]
[Round "13.3"]
[White "Jonoska, Katerina"]
[Black "Baptista, Ana Filipa"]
[Result "0-1"]
[WhiteElo "2051"]
[BlackElo "2030"]
[Annotator "MKD-POR"]
[PlyCount "100"]
[EventDate "2006.05.21"]

1. e4 e5 2. Nf3 Nc6 3. Bb5 a6 4. Ba4 Nf6 5. O-O b5 6. Bb3 Be7 7. Re1 d6 8. h3
O-O 9. d3 Na5 10. Nbd2 c5 11. c3 Nxb3 12. axb3 Qc7 13. Nf1 Be6 14. d4 Rfc8 15.
d5 Bd7 16. Ng3 h6 17. Nh4 Nxd5 18. Nhf5 Bxf5 19. Nxf5 Nf6 20. Qf3 Kh7 21. Qg3
Bf8 22. Qh4 Ng8 23. g4 Qd8 24. Qg3 Be7 25. Rd1 g6 26. Ne3 Bg5 27. Nd5 Bxc1 28.
Raxc1 Kg7 29. Qf3 Rc6 30. Rc2 Nf6 31. Rcd2 Nxd5 32. Rxd5 Qe7 33. Qd3 Rd8 34.
Qe2 Qf6 35. f3 Qf4 36. Kg2 h5 37. Qf2 hxg4 38. hxg4 Rh8 39. Qg3 Qf6 40. R1d2 g5
41. Kf2 Rh6 42. Ke2 Qe7 43. Kf2 Rc8 44. Ke3 Rch8 45. Qe1 Qf6 46. Rxd6 Qf4+ 47.
Ke2 Rh1 48. Qf2 R1h2 49. Kd3 Rxf2 50. Rxf2 Rh1 0-1

[Event "XXXVII Olimpiadi femminile"]
[Site "Torino ITA"]
[Date "2006.06.04"]
[Round "13.1"]
[White "Ibraheem, Delbak Ismael Ibraheem"]
[Black "Siti, Zulaikha"]
[Result "0-1"]
[WhiteElo "1897"]
[BlackElo "2169"]
[Annotator "IRQ-MAS"]
[PlyCount "44"]
[EventDate "2006.05.21"]

1. e4 c5 2. Nc3 Nc6 3. f4 g6 4. Nf3 Bg7 5. Bc4 e6 6. O-O Nge7 7. d3 d5 8. Bb3
O-O 9. Qe1 Nd4 10. f5 exf5 11. Bxd5 Nxd5 12. Nxd5 Nxc2 13. Qg3 Nxa1 14. Bg5 f6
15. Be3 b6 16. Rxa1 Bb7 17. Nf4 fxe4 18. dxe4 Qe7 19. Re1 Qf7 20. b3 Rfe8 21.
Nd2 Rad8 22. Qf3 f5 0-1

[Event "XXXVII Olimpiadi femminile"]
[Site "Torino ITA"]
[Date "2006.06.04"]
[Round "13.1"]
[White "Moylan, Laura"]
[Black "Connolly, Suzanne"]
[Result "1/2-1/2"]
[WhiteElo "2127"]
[BlackElo "2027"]
[Annotator "AUS-IRL"]
[PlyCount "52"]
[EventDate "2006.05.21"]

1. e4 c6 2. d4 d5 3. Nc3 dxe4 4. Nxe4 Bf5 5. Ng3 Bg6 6. N1e2 e6 7. Nf4 Bd6 8.
h4 Qc7 9. Nxg6 hxg6 10. Ne4 Bf4 11. g3 Bxc1 12. Qxc1 Nd7 13. Qe3 Ngf6 14. Ng5
Nb6 15. O-O-O O-O-O 16. Bh3 Rhe8 17. Rhe1 Kb8 18. Qe5 Rd7 19. c3 Rde7 20. Rd3
Nbd7 21. Qxc7+ Kxc7 22. Kc2 Nf8 23. Rde3 N6h7 24. Nf3 Nf6 25. Ng5 N6h7 26. Nf3
Nf6 1/2-1/2

[Event "XXXVII Olimpiadi femminile"]
[Site "Torino ITA"]
[Date "2006.06.04"]
[Round "13.2"]
[White "Quinn, Deborah"]
[Black "Caoili, Arianne"]
[Result "0-1"]
[WhiteElo "1813"]
[BlackElo "2169"]
[Annotator "AUS-IRL"]
[PlyCount "50"]
[EventDate "2006.05.21"]

1. e4 c5 2. Nc3 Nc6 3. g3 g6 4. Bg2 Bg7 5. d3 d6 6. Be3 e5 7. Qd2 Nge7 8. Bh6
O-O 9. h4 Bxh6 10. Qxh6 f6 11. Qd2 Be6 12. f4 d5 13. h5 d4 14. hxg6 dxc3 15.
gxh7+ Kh8 16. bxc3 Rf7 17. f5 Bd7 18. Qh6 Qf8 19. Qh4 Rg7 20. Bf3 b5 21. Kd2
Rd8 22. Ne2 c4 23. d4 exd4 24. cxd4 Bxf5 25. Kc3 Ng6 0-1

[Event "XXXVII Olimpiadi femminile"]
[Site "Torino ITA"]
[Date "2006.06.04"]
[Round "13.1"]
[White "Steil-Antoni, Fiona"]
[Black "Martinez Porras, Ingrid Lorena"]
[Result "1-0"]
[WhiteElo "1968"]
[BlackElo "1911"]
[Annotator "LUX-GUA"]
[PlyCount "81"]
[EventDate "2006.05.21"]

1. e4 c5 2. Nf3 e6 3. c3 Nf6 4. e5 Nd5 5. Bc4 Nb6 6. Bb3 d6 7. d4 cxd4 8. cxd4
Be7 9. O-O O-O 10. Qd3 dxe5 11. Bc2 e4 12. Qxe4 g6 13. Bh6 Re8 14. Ne5 N8d7 15.
Nc3 Bg5 16. Bxg5 Qxg5 17. h4 Qe7 18. Rad1 Nf6 19. Qf4 Rd8 20. Rd3 Nh5 21. Qe4
Nf6 22. Qe2 Bd7 23. Rg3 Kh8 24. Rd1 Be8 25. Qe3 Rac8 26. Qg5 Ng8 27. Qf4 Qf6
28. Qe4 Qe7 29. h5 Nc4 30. hxg6 fxg6 31. Bb3 Nf6 32. Qh4 Nd6 33. Rxg6 Nd5 34.
Qxe7 Nxe7 35. Rxe6 Nef5 36. Nf3 Bf7 37. Re5 Bxb3 38. axb3 Ng7 39. Ng5 Re8 40.
Rd5 Rcd8 41. Rxd6 1-0

[Event "XXXVII Olimpiadi femminile"]
[Site "Torino ITA"]
[Date "2006.06.04"]
[Round "13.1"]
[White "Frick, Denise"]
[Black "Shabanaj, Eglantina"]
[Result "1/2-1/2"]
[WhiteElo "1907"]
[BlackElo "2140"]
[Annotator "RSA-ALB"]
[PlyCount "32"]
[EventDate "2006.05.21"]

1. e4 e6 2. Qe2 c5 3. Nf3 Nc6 4. g3 d6 5. Bg2 e5 6. c3 Nf6 7. Na3 Bg4 8. Nc2
Be7 9. O-O Qd7 10. Rd1 h5 11. d4 cxd4 12. cxd4 exd4 13. Ncxd4 O-O 14. Bf4 d5
15. Nxc6 bxc6 16. exd5 Nxd5 1/2-1/2

[Event "XXXVII Olimpiadi femminile"]
[Site "Torino ITA"]
[Date "2006.06.04"]
[Round "13.2"]
[White "Gjergji, Rozana"]
[Black "Ellappen, Jenine"]
[Result "0-1"]
[WhiteElo "1986"]
[BlackElo "1934"]
[Annotator "RSA-ALB"]
[PlyCount "96"]
[EventDate "2006.05.21"]

1. e4 c5 2. f4 Nc6 3. Nf3 g6 4. Nc3 Bg7 5. Bc4 e6 6. O-O Nge7 7. e5 d5 8. exd6
Qxd6 9. Ne4 Qd8 10. Kh1 b6 11. Nfg5 O-O 12. c3 Nd5 13. Qe1 Nf6 14. b3 Bb7 15.
Qg3 Nxe4 16. Nxe4 Ne7 17. Ng5 Nf5 18. Qf2 Qd7 19. Re1 Rfe8 20. Bb2 Rad8 21.
Rad1 Qc6 22. Nf3 a6 23. a4 Qc7 24. Ne5 Nd6 25. Bd3 b5 26. Ba3 Rc8 27. axb5 axb5
28. Qf1 Ba6 29. Ra1 Ra8 30. Qf2 Rec8 31. Bf1 Nf5 32. Nd3 c4 33. bxc4 bxc4 34.
Nc5 Bb5 35. Reb1 Rab8 36. Bb4 Nd6 37. Na6 Bxa6 38. Rxa6 Ne4 39. Qe3 Nc5 40. Ra3
Nb3 41. Bxc4 Nxd2 42. Qxd2 Qxc4 43. Re1 Rd8 44. Qf2 Rd3 45. h3 Rbd8 46. Re3 Rd2
47. Qf3 Bh6 48. Be7 Rd1+ 0-1

[Event "XXXVII Olimpiadi femminile"]
[Site "Torino ITA"]
[Date "2006.06.04"]
[Round "13.3"]
[White "Laubscher, Anzel"]
[Black "Shabanaj, Alda"]
[Result "1/2-1/2"]
[WhiteElo "1856"]
[BlackElo "2037"]
[Annotator "RSA-ALB"]
[PlyCount "20"]
[EventDate "2006.05.21"]

1. d4 f5 2. Nc3 d5 3. Bg5 h6 4. Bf4 Nf6 5. e3 e6 6. Bd3 Nbd7 7. Nf3 c6 8. h3 g5
9. Bh2 Bg7 10. Ne5 Nf8 1/2-1/2

[Event "XXXVII Olimpiadi femminile"]
[Site "Torino ITA"]
[Date "2006.06.04"]
[Round "13.2"]
[White "Mudongo, Boikhutso"]
[Black "Ramirez, Maria Eugenia"]
[Result "1/2-1/2"]
[WhiteElo "1951"]
[BlackElo "1940"]
[Annotator "BOL-BOT"]
[PlyCount "124"]
[EventDate "2006.05.21"]

1. e4 e5 2. Nf3 Nc6 3. Bb5 a6 4. Ba4 Nf6 5. O-O b5 6. Bb3 Be7 7. Re1 O-O 8. c3
Bb7 9. d4 d6 10. Nbd2 Qd7 11. Nf1 Kh8 12. Ng3 exd4 13. cxd4 Na5 14. Bc2 c5 15.
Nf5 g6 16. Nxe7 Qxe7 17. Bg5 h6 18. Bxh6 Nh5 19. Bxf8 Qxf8 20. dxc5 dxc5 21.
Qd2 Nc4 22. Qc3+ Qg7 23. Qxg7+ Kxg7 24. b3 Na3 25. Rac1 Nf4 26. h3 Re8 27. Nd2
Rd8 28. Nb1 Nxc2 29. Rxc2 Nd3 30. Re3 Nb4 31. Rd2 Rxd2 32. Nxd2 Nxa2 33. Rd3 c4
34. bxc4 bxc4 35. Nxc4 Bxe4 36. Ra3 Nc1 37. Rxa6 Ne2+ 38. Kh2 Nf4 39. f3 Bd3
40. Rc6 Bf1 41. Ne3 Be2 42. Rc7 Ne6 43. Rc3 Nd4 44. h4 Bb5 45. g3 Nxf3+ 46. Kg2
Nd4 47. Kf2 Ba6 48. Ng4 Nf5 49. Rc7 Bb5 50. Ne3 Bd3 51. Nxf5+ Bxf5 52. Ke3 Be6
53. Kf4 Kh6 54. g4 Kg7 55. g5 Bd5 56. Ke5 Bb3 57. Kd6 Be6 58. Ke7 Bb3 59. Rc6
Bd5 60. Rf6 Bc4 61. h5 gxh5 62. Rh6 Be2 1/2-1/2

[Event "XXXVII Olimpiadi femminile"]
[Site "Torino ITA"]
[Date "2006.06.04"]
[Round "13.1"]
[White "Da Bosco, Carla"]
[Black "Perez, Eneida"]
[Result "0-1"]
[WhiteElo "2050"]
[BlackElo "2110"]
[Annotator "CRC-DOM"]
[PlyCount "96"]
[EventDate "2006.05.21"]

1. e4 e5 2. Nf3 Nf6 3. d4 Nxe4 4. Nxe5 d5 5. Bd3 Nd7 6. O-O Nxe5 7. dxe5 Nc5 8.
Bf4 Nxd3 9. Qxd3 Be7 10. Qg3 g5 11. Bd2 Bf5 12. Qb3 O-O 13. Nc3 d4 14. Nd5 Rb8
15. Nxe7+ Qxe7 16. Qg3 h6 17. h4 Kh7 18. hxg5 Rg8 19. f4 Rg6 20. Qh4 Qe6 21.
Rf2 Kg7 22. gxh6+ Rxh6 23. Qg3+ Rg6 24. Qa3 Rh8 25. Rf3 Be4 26. Rg3 Qf5 27. c4
Rhh6 28. Rg5 Rxg5 29. fxg5 Rh4 30. Qe7 Rg4 31. Qf6+ Qxf6 32. exf6+ Kg6 33. Rd1
Rxg2+ 34. Kf1 Rh2 35. Bc1 Rh1+ 36. Ke2 Bf3+ 37. Kxf3 Rxd1 38. Bf4 c6 39. Ke2
Rb1 40. b3 Kf5 41. Bd2 Rb2 42. Kd3 c5 43. Bc1 Rxa2 44. b4 b6 45. bxc5 bxc5 46.
g6 Kxg6 47. Bf4 Kxf6 48. Be5+ Ke6 0-1

[Event "XXXVII Olimpiadi femminile"]
[Site "Torino ITA"]
[Date "2006.06.04"]
[Round "13.2"]
[White "Zhu, Hui"]
[Black "Giulian, Rosemary A."]
[Result "1/2-1/2"]
[WhiteElo "2050"]
[BlackElo "2050"]
[Annotator "SCO-JAM"]
[PlyCount "41"]
[EventDate "2006.05.21"]

1. e4 e6 2. Nf3 d5 3. exd5 exd5 4. d4 Nc6 5. Bb5 Bd6 6. O-O Nge7 7. Nc3 O-O 8.
Bg5 f6 9. Be3 Bg4 10. h3 Bh5 11. Be2 Bf7 12. Nb5 Ng6 13. Nxd6 Qxd6 14. c3 Nf4
15. Nh4 Nxe2+ 16. Qxe2 Ne7 17. Qf3 Ng6 18. Nf5 Qd7 19. Ng3 Be6 20. Qh5 Bf7 21.
Qf5 1/2-1/2

[Event "XXXVII Olimpiadi femminile"]
[Site "Torino ITA"]
[Date "2006.06.04"]
[Round "13.1"]
[White "Methmali, Uluwitike Gamage Yashod"]
[Black "Cast, Abigail"]
[Result "1/2-1/2"]
[WhiteElo "1872"]
[BlackElo "2116"]
[Annotator "SRI-WLS"]
[PlyCount "43"]
[EventDate "2006.05.21"]

1. e4 e6 2. d4 d5 3. Nd2 Nf6 4. e5 Nfd7 5. Bd3 c5 6. c3 Nc6 7. Ne2 Qb6 8. Nf3
cxd4 9. cxd4 f6 10. exf6 Nxf6 11. O-O Bd6 12. Re1 O-O 13. Nc3 Bd7 14. Nb5 Bb4
15. Bd2 a6 16. Bxb4 Nxb4 17. Nc3 Nxd3 18. Qxd3 Rac8 19. Qd2 Rc7 20. Ne5 Be8 21.
Rac1 Qd6 22. Re3 1/2-1/2

[Event "XXXVII Olimpiadi femminile"]
[Site "Torino ITA"]
[Date "2006.06.04"]
[Round "13.2"]
[White "Blackburn, Suzie G."]
[Black "Wijayawardena, Dangampolage M.C."]
[Result "1/2-1/2"]
[WhiteElo "1779"]
[BlackElo "1872"]
[Annotator "SRI-WLS"]
[PlyCount "73"]
[EventDate "2006.05.21"]

1. d4 Nf6 2. Nf3 e6 3. Bg5 h6 4. Bh4 c5 5. c3 cxd4 6. cxd4 Qb6 7. Qc2 Nc6 8.
Bxf6 gxf6 9. e3 d5 10. Nc3 Bd7 11. Bb5 Rc8 12. O-O a6 13. Bxc6 Bxc6 14. a3 Bd6
15. Rfe1 f5 16. Ne5 Bxe5 17. dxe5 Qc7 18. f4 Rg8 19. g3 h5 20. Ne2 h4 21. Kf2
hxg3+ 22. hxg3 Qb6 23. Rac1 Kd7 24. Nd4 Bb5 25. Qd2 Bc6 26. Nxc6 bxc6 27. b4 c5
28. bxc5 Rxc5 29. Rb1 Qc7 30. Rb2 Rc8 31. Qd4 Rc4 32. Qb6 Qxb6 33. Rxb6 Ra4 34.
Rb3 Rc5 35. Reb1 Rc2+ 36. Kf3 Rc7 37. Ke2 1/2-1/2

[Event "C.to Regionale Sardegna"]
[Site "Cagliari ITA"]
[Date "2006.02.18"]
[Round "1"]
[White "Clementini, Lorenzo"]
[Black "Pais, Mario"]
[Result "1-0"]
[WhiteElo "2126"]
[BlackElo "1657"]
[PlyCount "79"]
[EventDate "2006.02.18"]

1.e4 d5 2.exd5 Nf6 3.d4 Nxd5 4.c4 Nf6 5.Nc3 Bg4 6.Nf3 e6 7.Be2 Be7 8.h3 
Bxf3 9.Bxf3 c6 10.Bf4 Bd6 11.Bg5 h6 12.Be3 Nbd7 13.O-O O-O 14.Rc1 Nb6 15.
c5 Nbd5 16.cxd6 Qxd6 17.Nxd5 Nxd5 18.Bxd5 exd5 19.Qd2 Rfe8 20.Bf4 Qg6 21.
Rfe1 Qh5 22.Rxe8+ Rxe8 23.Re1 Rc8 24.Qe3 Qf5 25.g4 Qc2 26.g5 hxg5 27.Bxg5 
Qf5 28.Qg3 c5 29.dxc5 d4 30.Qg4 Qxg4+ 31.hxg4 Rxc5 32.Be7 Rc2 33.Ba3 d3 
34.Rd1 d2 35.Kf1 b5 36.Ke2 b4 37.Bxb4 Rxb2 38.a3 a5 39.Bxa5 Rb5 40.Bxd2 
1-0

[Event "C.to Regionale Sardegna"]
[Site "Cagliari ITA"]
[Date "2006.02.18"]
[Round "1"]
[White "Fenu, Salvatore"]
[Black "Boi, Fausto"]
[Result "1-0"]
[WhiteElo "1966"]
[BlackElo "1622"]
[PlyCount "36"]
[EventDate "2006.02.18"]

1.e4 d6 2.d4 Nf6 3.Nc3 c6 4.Nf3 g6 5.Be2 Bg7 6.h3 O-O 7.O-O b5 8.e5 dxe5 
9.dxe5 Nfd7 10.Bf4 e6 11.Ne4 Qc7 12.Qd6 Qb7 13.Rfd1 Na6 14.a4 c5 15.Nc3 
Nb4 16.Bxb5 Rd8 17.Bg5 Bf8 18.Qd2 Re8 1-0

[Event "C.to Regionale Sardegna"]
[Site "Cagliari ITA"]
[Date "2006.02.18"]
[Round "1"]
[White "Figus, Maurizio"]
[Black "Setzu, Francesco"]
[Result "1-0"]
[WhiteElo "1896"]
[BlackElo "1610"]
[PlyCount "47"]
[EventDate "2006.02.18"]

1.e4 c6 2.d3 d5 3.Nd2 e5 4.Ngf3 Bg4 5.h3 Bxf3 6.Qxf3 Nf6 7.Qg3 Nbd7 8.Be2 
g6 9.O-O Qc7 10.exd5 cxd5 11.c4 Bd6 12.cxd5 Nxd5 13.Ne4 Be7 14.Bh6 N7f6 
15.Rac1 Qb8 16.Rfd1 Nf4 17.Bf1 N6h5 18.Qf3 Qd8 19.d4 Qd5 20.Bc4 Qa5 21.Qb3
O-O-O 22.Ba6+ Kd7 23.dxe5+ Ke8 24.Bb5+ 1-0

[Event "C.to Regionale Sardegna"]
[Site "Cagliari ITA"]
[Date "2006.02.18"]
[Round "1"]
[White "Garofano, Francesco"]
[Black "Mannu, Michele"]
[Result "0-1"]
[WhiteElo "1658"]
[BlackElo "2128"]
[PlyCount "134"]
[EventDate "2006.02.18"]

1.f4 c6 2.Nf3 d5 3.e3 Nf6 4.Be2 g6 5.O-O Bg7 6.d3 O-O 7.Nc3 Qb6 8.d4 Ne8 
9.b3 Nd6 10.Bd3 Bg4 11.h3 Bf5 12.g4 Be4 13.Bxe4 dxe4 14.Na4 Qc7 15.Ne1 Nd7
16.Rb1 Nf6 17.c4 b5 18.cxb5 cxb5 19.Nc5 Nb7 20.Ba3 Nxc5 21.Bxc5 Nd5 22.Qd2
a5 23.a3 Qd7 24.Kh2 b4 25.Ng2 Rfc8 26.Rfc1 Nc3 27.Ra1 Rxc5 28.axb4 Rcc8 
29.Rxc3 Rxc3 30.Qxc3 Rc8 31.Qd2 axb4 32.Qxb4 Qc7 33.Qd2 Qb7 34.Rb1 Rb8 35.
b4 Qb5 36.Kg3 e6 37.Rb2 Bf8 38.Qe2 Qxe2 39.Rxe2 Rxb4 40.g5 Rb3 41.Kf2 Ba3 
42.Rc2 Kg7 43.h4 Bb4 44.Re2 h5 45.Kg3 Bc3 46.Kf2 Rb1 47.Ne1 Kf8 48.Ng2 Ke7
49.Rc2 Rb2 50.Rxb2 Bxb2 51.Ne1 Kd6 52.Ke2 Bc3 53.Nc2 Kd5 54.Na3 Bb4 55.Nc2
Be7 56.Kd2 Kc4 57.Ke2 Kc3 58.Ne1 Kc4 59.Ng2 Bb4 60.f5 exf5 61.Nf4 Bd6 62.
Ng2 Bg3 63.Kd2 Bd6 64.Kc2 Kd5 65.Kc3 Bc7 66.Kb4 f4 67.Kc3 f3 0-1

[Event "C.to Regionale Sardegna"]
[Site "Cagliari ITA"]
[Date "2006.02.18"]
[Round "1"]
[White "Ibba, Isacco"]
[Black "Lai, Silvia"]
[Result "1-0"]
[WhiteElo "2176"]
[BlackElo "1685"]
[PlyCount "47"]
[EventDate "2006.02.18"]

1.e4 d5 2.exd5 Qxd5 3.Nc3 Qd6 4.d4 Nf6 5.Bd3 a6 6.Nge2 Bg4 7.f3 Bh5 8.Bf4 
Qd7 9.Qd2 Nc6 10.d5 Nxd5 11.Bf5 e6 12.Nxd5 Bd6 13.Bh3 O-O-O 14.O-O-O Qe8 
15.Bxd6 Rxd6 16.Qc3 Qd8 17.Qc5 Qg5+ 18.f4 Qh6 19.Ndc3 Rhd8 20.Qe3 Kb8 21.
Rxd6 cxd6 22.Kb1 Bg6 23.Rd1 e5 24.Qb6 1-0

[Event "C.to Regionale Sardegna"]
[Site "Cagliari ITA"]
[Date "2006.02.18"]
[Round "1"]
[White "Manca, Luca"]
[Black "Basciu, Simone"]
[Result "0-1"]
[WhiteElo "1718"]
[BlackElo "2176"]
[PlyCount "74"]
[EventDate "2006.02.18"]

1.e4 c5 2.Nf3 Nc6 3.d4 cxd4 4.Bc4 Nf6 5.e5 Nxe5 6.Nbd2 Nxc4 7.Nxc4 b5 8.
Nce5 Qa5+ 9.Bd2 Qb6 10.Ng5 d6 11.Nexf7 Rg8 12.Qf3 Bb7 13.Qf5 Qc5 14.Qxc5 
dxc5 15.Ne5 Bxg2 16.Rg1 Bd5 17.Ba5 h6 18.Nh3 g5 19.f4 g4 20.Nf2 h5 21.
O-O-O Bh6 22.Bd2 O-O-O 23.Kb1 Rdf8 24.Nfd3 Ne4 25.Bc1 a5 26.Rdf1 Rf6 27.
Nf2 Nd6 28.Nfd3 Nb7 29.h3 gxh3 30.Rxg8+ Bxg8 31.Rg1 Be6 32.Ka1 c4 33.Nf2 
Bxf4 34.Bxf4 Rxf4 35.Rg7 Rf5 36.Nc6 Rf4 37.Rg1 h2 0-1

[Event "C.to Regionale Sardegna"]
[Site "Cagliari ITA"]
[Date "2006.02.18"]
[Round "1"]
[White "Marano, Daniele"]
[Black "Locci, Damiano"]
[Result "0-1"]
[WhiteElo "1619"]
[BlackElo "1934"]
[PlyCount "47"]
[EventDate "2006.02.18"]

1.e4 e5 2.Bc4 Nf6 3.d3 Bc5 4.Nf3 d6 5.O-O h6 6.h3 Nc6 7.c3 Qe7 8.b4 Bb6 9.
a4 a6 10.Be3 Bxe3 11.fxe3 O-O 12.Nbd2 Nh7 13.d4 Kh8 14.d5 Nd8 15.Bd3 Ng5 
16.Nxg5 Qxg5 17.Rf3 Kg8 18.Qf1 Qg6 19.Qf2 f6 20.Rg3 Qh7 21.Rf1 Kh8 22.Nf3 
Nf7 23.Nh4 Ng5 24.Nf5 0-1

[Event "C.to Regionale Sardegna"]
[Site "Cagliari ITA"]
[Date "2006.02.19"]
[Round "2"]
[White "Altea, Giovanni"]
[Black "Figus, Maurizio"]
[Result "0-1"]
[WhiteElo "1731"]
[BlackElo "1896"]
[PlyCount "43"]
[EventDate "2006.02.18"]

1.c4 Nf6 2.Nc3 e5 3.Nf3 Nc6 4.g3 Bb4 5.Bg2 O-O 6.O-O e4 7.Ng5 Bxc3 8.bxc3 
Re8 9.d3 exd3 10.exd3 h6 11.Nf3 d5 12.cxd5 Nxd5 13.Qc2 Bf5 14.Bb2 Qd6 15.
c4 Nf6 16.Rad1 Rad8 17.Qc3 Re2 18.Rfe1 Qe6 19.Kf1 Re8 20.Ng1 Rxe1+ 21.Qxe1
Bxd3+ 22.Ne2 0-1

[Event "C.to Regionale Sardegna"]
[Site "Cagliari ITA"]
[Date "2006.02.19"]
[Round "2"]
[White "Basciu, Simone"]
[Black "Collu, Giuseppe"]
[Result "1-0"]
[WhiteElo "2176"]
[BlackElo "1832"]
[PlyCount "41"]
[EventDate "2006.02.18"]

1.d4 Nf6 2.Nf3 g6 3.c4 Bg7 4.Nc3 d5 5.cxd5 Nxd5 6.e4 Nxc3 7.bxc3 c5 8.Be3 
O-O 9.Rc1 Qa5 10.Qd2 cxd4 11.cxd4 Qxd2+ 12.Nxd2 Nc6 13.d5 Ne5 14.f4 Nd7 
15.Bb5 Rd8 16.O-O a6 17.Bxd7 Rxd7 18.Nc4 Rd8 19.Nb6 Rb8 20.Rc7 Bc3 21.Rxc3
1-0

[Event "C.to Regionale Sardegna"]
[Site "Cagliari ITA"]
[Date "2006.02.19"]
[Round "2"]
[White "Collu, Silvano"]
[Black "Abis, Roberto"]
[Result "1/2-1/2"]
[WhiteElo "1538"]
[BlackElo "1789"]
[PlyCount "43"]
[EventDate "2006.02.18"]

1.d4 Nf6 2.c4 e6 3.Nc3 c5 4.d5 exd5 5.cxd5 d6 6.Nf3 g6 7.e4 Bg7 8.Bd3 O-O 
9.Bf4 Re8 10.O-O a6 11.Qd2 b5 12.Rac1 b4 13.Ne2 Nxe4 14.Bxe4 Rxe4 15.Bh6 
Bg4 16.Ng3 Bxf3 17.gxf3 Rd4 18.Qe3 Rxd5 19.Bxg7 Kxg7 20.Qe4 Nc6 21.Qxd5 
Nd4 22.Ne2 1/2-1/2

[Event "C.to Regionale Sardegna"]
[Site "Cagliari ITA"]
[Date "2006.02.19"]
[Round "2"]
[White "Maldarelli, Lorenzo"]
[Black "Clementini, Lorenzo"]
[Result "1-0"]
[WhiteElo "1792"]
[BlackElo "2126"]
[PlyCount "51"]
[EventDate "2006.02.18"]

1.d4 c5 2.d5 Nf6 3.c4 g6 4.Nc3 Bg7 5.e4 d6 6.Bd3 O-O 7.Nge2 Bg4 8.h3 Bd7 
9.Ng3 a6 10.a4 h5 11.O-O Qc8 12.Bg5 a5 13.f4 Bxh3 14.e5 Bg4 15.Qc2 dxe5 
16.fxe5 Nfd7 17.Bxe7 Re8 18.Bf6 Nxe5 19.Nce4 Na6 20.Bxg7 Kxg7 21.Qc3 Qd8 
22.Nf6 Re7 23.Rae1 Qb8 24.Nge4 Qh8 25.d6 Re6 26.Ng5 1-0